|
|
|
|
| LEADER |
01271nam a2200277 a 4500 |
| 001 |
14830475 |
| 008 |
110926r20092007flu 001 0 eng |
| 010 |
|
|
|a 2007018287
|
| 020 |
|
|
|a 9788131509944
|
| 020 |
|
|
|a 9781932159677 (hardcover : alk. paper)
|
| 040 |
|
|
|a DLC
|c DLC
|d DLC
|d BD-DhAAL
|
| 082 |
0 |
0 |
|a 658.7
|2 22
|
| 100 |
1 |
|
|a Trent, Robert J.
|
| 245 |
1 |
0 |
|a Strategic supply management :
|b creating the next source of competitive advantage /
|c by Robert J. Trent.
|
| 260 |
|
|
|a Ft. Lauderdale, FL :
|b J. Ross Pub. ;
|a New Delhi :
|b Cengage Learning ,
|c c2007 [reprinted 2009].
|
| 300 |
|
|
|a xvii, 302 p. ;
|c 23 cm.
|
| 500 |
|
|
|a Includes index.
|
| 541 |
|
|
|e 00023465
|
| 650 |
|
0 |
|a Business logistics.
|
| 650 |
|
0 |
|a Strategic planning.
|
| 650 |
|
0 |
|a Teams in the workplace.
|
| 650 |
|
0 |
|a Competition.
|
| 852 |
1 |
|
|a Ayesha Abed Library
|c General shelf.
|
| 999 |
|
|
|c 11260
|d 11260
|
| 952 |
|
|
|0 0
|1 0
|2 ddc
|4 0
|6 658_700000000000000_TRE
|7 0
|9 18218
|a BRACUL
|b BRACUL
|c GEN
|d 2011-09-24
|e Paragon Enterprises Ltd.
|g 530.00
|l 2
|m 4
|o 658.7 TRE
|p 3010023465
|r 2018-02-11
|s 2018-02-04
|t 1
|w 2011-09-27
|y BK
|
| 952 |
|
|
|0 0
|1 0
|2 ddc
|4 0
|6 658_700000000000000_TRE
|7 0
|9 18219
|a BRACUL
|b BRACUL
|c GEN
|d 2011-09-24
|e Paragon Enterprises Ltd.
|g 530.00
|l 2
|m 10
|o 658.7 TRE
|p 3010023466
|r 2024-10-24
|s 2024-06-10
|t 2
|w 2011-09-27
|y BK
|